| 000 | 00788cam a22002657a 4500 | ||
|---|---|---|---|
| 003 | CHAP | ||
| 005 | 20220329140552.0 | ||
| 008 | 971013s1964 r 00010 d | ||
| 010 | _a54094 | ||
| 011 | _a55066 | ||
| 035 | _a59218 | ||
| 040 | _cCHAP | ||
| 082 |
_a631.46 _bP73 |
||
| 100 | 0 | 0 |
_aPramer, David. _991292 |
| 245 | 0 | _aExperimental soil microbiology | |
| 260 |
_aMinneapolis : _bBurgess, _c1964 |
||
| 300 | _a107 p. | ||
| 590 |
_aBATCH-UPD _b10 _c20130110 _lUCH01 _h0353 |
||
| 590 |
_aCONVERSION _b10 _c20130109 _lUCH01 _h1329 |
||
| 650 | 1 | 4 |
_aSuelos _xMicroorganismos. _9110437 |
| 901 | _aBK | ||
| 942 | _cLIBRO | ||
| 949 |
_a631.46 P73 _bBC _cLIBRO _d-128105 _eLIBRO _h21592 _i59218 _si _t50.00 |
||
| 949 |
_a631.46 P73 _bBC _cLIBRO _d33724000077053 _eLIBRO _fc.2 _h21593 _i59218 _si _t50.00 |
||
| 999 |
_c54094 _d54094 |
||